00652nam a2200217Ia 4500003000900000008004100009040001300050040001300063041000800076100002300084245005000107250001100157260001500168260000900183300001000192300001200202490000600214942000700220999001700227952019000244IT-RoPAU120407s9999 xx 000 0 und d aIT-RoPAU cIT-RoPAU afra aPaul-Henry Paillou aArthur Rimbaud, père de L’Existentialisme aParis  aEd. Perrin c1947 a92 p. c18,5 cm v1 cBK c37204d37204 00102ddc4061_200000000000000_1571aPAULUSbPAULUSd2012-04-11l0o1.2.15r2012-04-11 00:00:00w2012-04-11yBKzInserito da: Marisa In data: 19 ottobre 2011 fondo: Fanella Progr:1376